[Event "OLNW 2223 SK Nordhorn Blanke - SK Union"]
[Site "?"]
[Date "2023.01.15"]
[Round "4.1"]
[White "Wittje, Berthold"]
[Black "Kroeze, Frank"]
[Result "1-0"]
[WhiteElo "2226"]
[BlackElo "2388"]
[PlyCount "87"]
[EventDate "2023.??.??"]

1. Nf3 d5 2. g3 c5 3. Bg2 Nf6 4. O-O e6 5. d3 Nc6 6. Nbd2 Be7 7. e4 Qc7 8. Qe2 b5 9. Re1 O-O 10. e5 Nd7 11. Nf1 a5 12. Bf4 b4 13. h4 Ba6 14. Ne3 Qd8 15. Ng4 c4 16. Qd2 cxd3 17. cxd3 Nc5 18. Bf1 d4 19. Rac1 Qd5 20. Bg2 Qd7 21. Bg5 f6 22. exf6 gxf6 23. Nxf6+ Bxf6 24. Rxc5 Bb7 25. Bh3 Nd8 26. Bxf6 Rxf6 27. Ne5 Qg7 28. Qg5 Bd5 29. Rc7 Nf7 30. Qxg7+ Kxg7 31. Nd7 Bxa2 32. Nxf6 Kxf6 33. Re4 e5 34. f4 Re8 35. fxe5+ Rxe5 36. Rxd4 Re2 37. Rf4+ Kg6 38. Bf5+ Kg7 39. Rf2 Re1+ 40. Kg2 a4 41. Ra7 Bb3 42. Be4 Ra1 43. Rfxf7+ Bxf7 44. Bd5 1-0

[Event "OLNW 2223 SK Nordhorn Blanke - SK Union"]
[Site "?"]
[Date "2023.01.15"]
[Round "4.2"]
[White "Lambrechts, Koen"]
[Black "Mueer, Sebastian"]
[Result "1-0"]
[WhiteElo "2262"]
[BlackElo "2213"]
[PlyCount "109"]
[EventDate "2023.??.??"]

1. e4 c5 2. Nf3 d6 3. d4 cxd4 4. Nxd4 Nf6 5. Nc3 a6 6. Bg5 e6 7. f4 Be7 8. Qf3 Qc7 9. O-O-O Nbd7 10. Bd3 h6 11. Bh4 g5 12. fxg5 Ne5 13. Qe2 Nfg4 14. Nf3 hxg5 15. Bg3 Bd7 16. h3 Nf6 17. Bxe5 dxe5 18. Nxg5 Nh5 19. Qd2 Nf4 20. h4 Rxh4 21. Rxh4 Bxg5 22. Rh8+ Ke7 23. Rxa8 Nxd3+ 24. cxd3 Bxd2+ 25. Rxd2 b5 26. Kb1 b4 27. Nd1 Bb5 28. Rh8 Qc5 29. Rh3 Qg1 30. Rf3 Bc6 31. Re3 Kd6 32. Kc2 f5 33. Rf2 f4 34. Rh3 a5 35. Kd2 a4 36. a3 Bb5 37. Rhf3 Be8 38. Rh3 Kc5 39. Rh8 Bg6 40. Rh6 Bf7 41. Rh7 Be8 42. Rh8 Bb5 43. Rh3 Kd4 44. axb4 a3 45. Rh8 Bxd3 46. Rd8+ Kxe4 47. Rxd3 a2 48. Ra3 Kd4 49. Rxa2 e4 50. Kc1 e5 51. b3 e3 52. Rfc2 Qf1 53. b5 Qxb5 54. Ra4+ Kd3 55. Nb2# 1-0

[Event "OLNW 2223 SK Nordhorn Blanke - SK Union"]
[Site "?"]
[Date "2023.01.15"]
[Round "4.3"]
[White "Bredemeier, Dirk"]
[Black "Rietman, Frits"]
[Result "1-0"]
[WhiteElo "2233"]
[BlackElo "2242"]
[PlyCount "56"]
[EventDate "2023.??.??"]

1. c4 c5 2. g3 g6 3. Bg2 Bg7 4. Nc3 Nc6 5. a3 d6 6. Rb1 a5 7. Nf3 e6 8. O-O Nge7 9. Nb5 e5 10. d3 O-O 11. Ne1 Be6 12. Bg5 Qd7 13. Bxe7 Nxe7 14. Nc2 f5 15. Nc3 d5 16. cxd5 Nxd5 17. Nxd5 Bxd5 18. Bxd5+ Qxd5 19. Ne3 Qe6 20. Qc2 Rfc8 21. Qc4 Kf7 22. a4 b6 23. Nd5 Rab8 24. e4 h5 25. f3 Bh6 26. f4 exf4 27. exf5 Qxf5 28. Nxf4+ Ke8 1-0

[Event "OLNW 2223 SK Nordhorn Blanke - SK Union"]
[Site "?"]
[Date "2023.01.15"]
[Round "4.4"]
[White "Elgersma, Simon"]
[Black "Meessen, Max"]
[Result "1-0"]
[WhiteElo "2234"]
[BlackElo "2180"]
[PlyCount "99"]
[EventDate "2023.??.??"]

1. e4 c5 2. Nf3 e6 3. d4 cxd4 4. Nxd4 Nf6 5. Nc3 Nc6 6. Ndb5 Bb4 7. a3 Bxc3+ 8. Nxc3 d5 9. exd5 exd5 10. Bd3 O-O 11. O-O Bg4 12. f3 Bh5 13. Bg5 Qb6+ 14. Kh1 Ne4 15. Nxe4 dxe4 16. Bxe4 Qxb2 17. Qb1 Qb6 18. Qxb6 axb6 19. Rfb1 Bg6 20. Bxg6 hxg6 21. Be3 Na5 22. Bxb6 Rfc8 23. Rb5 Nc4 24. Bc5 b6 25. Bb4 Ne3 26. c3 Nc2 27. Rd1 Nxb4 28. axb4 Rxc3 29. Rxb6 Rc2 30. h3 Rc3 31. Rd4 g5 32. Rg4 f6 33. h4 gxh4 34. Kh2 Raa3 35. Rb8+ Kf7 36. Rb7+ Kf8 37. Rgxg7 Rc6 38. Rgf7+ Kg8 39. Rfd7 Rc8 40. Rg7+ Kh8 41. Rh7+ Kg8 42. Rxh4 Rc2 43. Rg4+ Kf8 44. Kh3 Rd2 45. b5 Rd5 46. Rc4 Re3 47. Rc8+ Re8 48. Rcc7 Re6 49. g4 Rd3 50. Kg3 1-0

[Event "OLNW 2223 SK Nordhorn Blanke - SK Union"]
[Site "?"]
[Date "2023.01.15"]
[Round "4.5"]
[White "Wagner, Jan"]
[Black "Bertholee, Rob"]
[Result "1-0"]
[WhiteElo "2157"]
[BlackElo "2331"]
[PlyCount "89"]
[EventDate "2023.??.??"]

1. Nf3 c5 2. b3 d5 3. Bb2 Nc6 4. e3 Bg4 5. h3 Bh5 6. Bb5 e6 7. g4 Bg6 8. Ne5 Nge7 9. h4 f6 10. Nxg6 hxg6 11. d4 Qa5+ 12. Nc3 O-O-O 13. Qd2 cxd4 14. exd4 e5 15. Bxc6 Nxc6 16. Ne2 Bb4 17. c3 Bd6 18. a3 Qb5 19. b4 exd4 20. O-O-O dxc3 21. Nxc3 Qc4 22. Kb1 Qxg4 23. Nxd5 Rxh4 24. Rxh4 Qxh4 25. b5 Qe4+ 26. Ka1 Bf4 27. Qd3 Qxd3 28. Rxd3 Ne5 29. Rc3+ Kb8 30. Nxf4 g5 31. Ne6 Rd2 32. Rh3 Nf7 33. Rh7 b6 34. Rxg7 Nd6 35. Rd7 Kc8 36. Rd8+ Kb7 37. Bxf6 Rxf2 38. Rxd6 g4 39. Rd7+ Kc8 40. Rc7+ Kb8 41. Be5 Rf1+ 42. Rc1+ Ka8 43. Rxf1 g3 44. Rf8+ Kb7 45. Rb8# 1-0

[Event "OLNW 2223 SK Nordhorn Blanke - SK Union"]
[Site "?"]
[Date "2023.01.15"]
[Round "4.6"]
[White "Oehne, Timo"]
[Black "Schuette, Marc"]
[Result "1-0"]
[WhiteElo "2135"]
[BlackElo "2130"]
[PlyCount "125"]
[EventDate "2023.??.??"]

1. Nf3 d5 2. d4 Nf6 3. g3 Bg4 4. Bg2 Nbd7 5. O-O c6 6. c4 e6 7. Nc3 Be7 8. Ne5 Nxe5 9. dxe5 Nd7 10. cxd5 cxd5 11. Qa4 Bh5 12. e4 dxe4 13. Nxe4 O-O 14. Qb5 a6 15. Qxb7 Nxe5 16. Bf4 Nf3+ 17. Kh1 e5 18. Be3 f5 19. Nc3 Rb8 20. Qxa6 Rxb2 21. Qe6+ Kh8 22. Rad1 Qe8 23. Rb1 Rxb1 24. Rxb1 Bg4 25. h3 Rf6 26. Qd5 Rd6 27. Qb7 f4 28. Bxf3 Bc8 29. Qe4 fxe3 30. Qxe3 Rh6 31. Qxe5 Qf8 32. Bg2 Bd6 33. Qe2 Bxh3 34. Bxh3 Rxh3+ 35. Kg2 Rh6 36. Ne4 Qa8 37. Qf3 Bf8 38. Rb7 Re6 39. Ng5 Re7 40. Rxe7 Qxf3+ 41. Kxf3 Bxe7 42. Ne6 Ba3 43. Ke4 Kg8 44. Nd4 h5 45. Nc2 Bc5 46. f4 Bf2 47. Kf3 Bc5 48. a4 Kf7 49. a5 Kf6 50. a6 g5 51. fxg5+ Kxg5 52. Nb4 Ba7 53. Nc6 Bb6 54. Ne5 Kf5 55. Nc6 Kg5 56. Kg2 h4 57. gxh4+ Kxh4 58. Kf3 Kg5 59. Ke4 Kg4 60. Kd5 Kf4 61. Ne7 Ke3 62. Nc8 Bd4 63. Kc6 1-0

[Event "OLNW 2223 SK Nordhorn Blanke - SK Union"]
[Site "?"]
[Date "2023.01.15"]
[Round "4.7"]
[White "Eschholz, Enno"]
[Black "Stotyn, Fabian"]
[Result "1-0"]
[WhiteElo "2197"]
[BlackElo "2154"]
[PlyCount "141"]
[EventDate "2023.??.??"]

1. e4 e6 2. d4 d5 3. Nc3 Nc6 4. Nf3 Nf6 5. Bg5 Be7 6. e5 Ne4 7. Bxe7 Qxe7 8. a3 Nxc3 9. bxc3 Bd7 10. c4 dxc4 11. Bxc4 Na5 12. Be2 c5 13. Qd2 b6 14. O-O Bc6 15. Qf4 c4 16. Nd2 Bd5 17. Qe3 O-O-O 18. Ne4 Kb8 19. Rfb1 Bxe4 20. Qxe4 Qb7 21. Qe3 Qd7 22. c3 Nb3 23. Ra2 Rc8 24. Bf3 Kc7 25. Rd1 Rcd8 26. Qe4 Nc5 27. Qe2 Nd3 28. Rad2 Qa4 29. Qe4 Rd5 30. Qg4 Rd7 31. Qxg7 Rhd8 32. Qxh7 Nxe5 33. Be2 Ng6 34. Qh3 e5 35. Qg3 Nf4 36. Bg4 Rd6 37. Qe3 f6 38. dxe5 Qxd1+ 39. Bxd1 Rxd2 40. h4 Rxd1+ 41. Kh2 Nd5 42. Qe4 b5 43. exf6 Nxf6 44. Qe5+ R8d6 45. Qxb5 R1d5 46. Qxc4+ Rc6 47. Qf4+ Kd7 48. g4 Rdc5 49. g5 Nd5 50. Qf5+ Kd6 51. g6 Ne7 52. Qf4+ Kd7 53. Qg4+ Ke8 54. h5 Rf6 55. Kg2 Rcf5 56. Qg3 Rf4 57. Qe3 a6 58. Kg3 R4f5 59. g7 Kf7 60. Qxe7+ Kxe7 61. g8=Q Rxh5 62. Qg7+ Rf7 63. Qg4 Rhf5 64. Qb4+ Ke8 65. f4 R7f6 66. Kg4 Kf7 67. Qb7+ Kg6 68. Qe4 Rf7 69. c4 R7f6 70. c5 Kf7 71. Qxf5 1-0

[Event "OLNW 2223 SK Nordhorn Blanke - SK Union"]
[Site "?"]
[Date "2023.01.15"]
[Round "4.8"]
[White "Bierenbroodspot, Paul"]
[Black "Peters, Tom"]
[Result "0-1"]
[WhiteElo "2084"]
[BlackElo "2066"]
[PlyCount "76"]
[EventDate "2023.??.??"]

1. e4 c5 2. Nf3 d6 3. d4 cxd4 4. Qxd4 Bd7 5. c4 Nc6 6. Qd2 Nf6 7. Nc3 g6 8. b3 Bg7 9. Bb2 O-O 10. Bd3 Bg4 11. Qe3 Bxf3 12. Qxf3 Nd7 13. Rd1 Nc5 14. Qe2 Qa5 15. Qd2 f5 16. exf5 gxf5 17. O-O f4 18. Bb1 Nd7 19. Qe2 Qe5 20. Qf3 Nf6 21. Rfe1 Qg5 22. Nd5 Ng4 23. Bxg7 Qxg7 24. Nc7 Nce5 25. Qh3 h6 26. Nxa8 Rxa8 27. Be4 Qg5 28. Rd5 e6 29. Rxd6 h5 30. Bf3 Rf8 31. Rd4 Rf6 32. Rde4 Nf7 33. g3 e5 34. Qh4 Qf5 35. Qh3 Ng5 36. Qg2 fxg3 37. Rxe5 gxf2+ 38. Qxf2 Nxf3+ 0-1

[Event "OLNW 2223 SV Werder Bremen III - Post S"]
[Site "?"]
[Date "2023.01.15"]
[Round "4.1"]
[White "Laubsch, Bernd"]
[Black "Lichmann, Peter"]
[Result "1-0"]
[WhiteElo "2290"]
[BlackElo "2343"]
[PlyCount "89"]
[EventDate "2023.??.??"]

1. e4 c6 2. d4 d5 3. Nc3 Nf6 4. e5 Ng8 5. Nf3 Bg4 6. h3 Bxf3 7. Qxf3 e6 8. Be3 Bb4 9. Bd3 Ne7 10. O-O Nd7 11. Ne2 Ng6 12. g3 c5 13. c3 cxd4 14. cxd4 O-O 15. Qh5 f5 16. Rad1 Nb6 17. a3 Be7 18. g4 Qd7 19. gxf5 exf5 20. Kh2 Nh4 21. f4 Qe8 22. Qxe8 Raxe8 23. Ng3 g6 24. Rf2 Rc8 25. Nf1 Nc4 26. Bc1 Kf7 27. Bxc4 Rxc4 28. Ne3 Rfc8 29. Nxc4 Rxc4 30. Be3 Ke6 31. Kg3 a5 32. Rc1 a4 33. Rxc4 dxc4 34. d5+ Kxd5 35. Rd2+ Ke6 36. Bb6 g5 37. fxg5 Ng6 38. h4 Nxe5 39. Bd4 Bd6 40. Bxe5 Bxe5+ 41. Kf3 b5 42. h5 Bc7 43. g6 hxg6 44. hxg6 Be5 45. Re2 1-0

[Event "OLNW 2223 SV Werder Bremen III - Post S"]
[Site "?"]
[Date "2023.01.15"]
[Round "4.2"]
[White "Kardoeus, David"]
[Black "Knuedel, Torben"]
[Result "1/2-1/2"]
[WhiteElo "2120"]
[BlackElo "2268"]
[PlyCount "104"]
[EventDate "2023.??.??"]

1. d4 Nf6 2. c4 e6 3. Nf3 d5 4. Nc3 dxc4 5. e4 Bb4 6. Bxc4 Nxe4 7. O-O Nf6 8. Qa4+ Nc6 9. Ne5 Rb8 10. Rd1 O-O 11. Nxc6 bxc6 12. Qxa7 Bd7 13. Qa4 c5 14. Qc2 cxd4 15. Rxd4 Bd6 16. Rh4 h6 17. Bxh6 Be7 18. Bg5 g6 19. Rd1 Nd5 20. Bxe7 Qxe7 21. g3 c6 22. Qd2 Qf6 23. Ne4 Qg7 24. b3 Rbd8 25. a4 Be8 26. Ng5 Rd7 27. Rh7 Qc3 28. Qxc3 Nxc3 29. Rxd7 Bxd7 30. Rh4 Kg7 31. Rd4 Nd5 32. Ne4 Rb8 33. Nc5 Bc8 34. f4 Kf6 35. g4 Ke7 36. g5 Kd6 37. Ne4+ Kc7 38. Nf2 c5 39. Re4 Bb7 40. Nd3 Kd6 41. Re1 Rh8 42. Ne5 Rf8 43. Bxd5 Bxd5 44. Re3 f6 45. gxf6 Rxf6 46. Nd3 Rf8 47. Kf2 Bxb3 48. Nxc5 Kxc5 49. Rxb3 Rxf4+ 50. Rf3 Rxa4 51. Rf6 Kd6 52. Rxg6 Ke7 1/2-1/2

[Event "OLNW 2223 SV Werder Bremen III - Post S"]
[Site "?"]
[Date "2023.01.15"]
[Round "4.3"]
[White "Wiegmann, Sascha"]
[Black "Efimenko, Maria"]
[Result "1-0"]
[WhiteElo "2290"]
[BlackElo "2225"]
[PlyCount "74"]
[EventDate "2023.??.??"]

1. Nf3 d6 2. d4 Nf6 3. c4 g6 4. Nc3 Bf5 5. e4 Bxe4 6. Nxe4 Nxe4 7. Bd3 Nf6 8. Bg5 Nbd7 9. O-O Bg7 10. Re1 O-O 11. Qd2 e6 12. Re2 c5 13. Rd1 Qb6 14. Bb1 d5 15. cxd5 Nxd5 16. Ne5 Nxe5 17. dxe5 Rac8 18. Be4 Qa6 19. Ree1 Qxa2 20. h4 c4 21. Ra1 Qb3 22. Rxa7 Rc7 23. h5 Re8 24. Bxd5 exd5 25. Qxd5 Qb4 26. Re2 c3 27. e6 fxe6 28. Rxe6 Rxe6 29. Qxe6+ Rf7 30. Ra8+ Bf8 31. bxc3 Qb1+ 32. Kh2 Qf5 33. Rxf8+ Kxf8 34. Bh6+ Kg8 35. Qe8+ Rf8 36. Qxf8+ Qxf8 37. Bxf8 Kxf8 1-0

[Event "OLNW 2223 SV Werder Bremen III - Post S"]
[Site "?"]
[Date "2023.01.15"]
[Round "4.4"]
[White "Bach, Matthias"]
[Black "von Estorff, Jacob"]
[Result "1-0"]
[WhiteElo "2181"]
[BlackElo "2151"]
[PlyCount "113"]
[EventDate "2023.??.??"]

1. d4 Nf6 2. c4 g6 3. Nc3 d5 4. cxd5 Nxd5 5. e4 Nxc3 6. bxc3 Bg7 7. Nf3 c5 8. Be3 Qa5 9. Bd2 O-O 10. Qb3 cxd4 11. cxd4 Qb6 12. Qd3 Rd8 13. Rb1 Qc7 14. Be2 Bg4 15. d5 Nd7 16. O-O Nc5 17. Rfc1 b6 18. Qe3 e6 19. Bc4 Qe7 20. Nd4 Qd6 21. Nb5 Qd7 22. h3 Nxe4 23. hxg4 exd5 24. Be2 Re8 25. Rc7 Qe6 26. Bf3 a6 27. Bxe4 axb5 28. Bf3 Rxa2 29. Qd3 Rd8 30. Rxb5 Ra1+ 31. Rb1 Rxb1+ 32. Qxb1 Ra8 33. Rc1 Rd8 34. Qb3 Qd6 35. Qb5 Bd4 36. Re1 Kg7 37. Be3 Bc5 38. Bg5 f6 39. Be3 d4 40. Bd2 Rd7 41. Qc6 Qxc6 42. Bxc6 Ra7 43. Bd5 Ra3 44. g5 Rd3 45. gxf6+ Kxf6 46. Re6+ Kg7 47. Bg5 Rd1+ 48. Kh2 Ra1 49. Rc6 Re1 50. Rc7+ Kf8 51. Rxh7 Ke8 52. Ra7 Kf8 53. Bh6+ Ke8 54. Bc6+ Kd8 55. Bg5+ Kc8 56. Bf4 Kd8 57. Ra8+ 1-0

[Event "OLNW 2223 SV Werder Bremen III - Post S"]
[Site "?"]
[Date "2023.01.15"]
[Round "4.5"]
[White "Bargsten, Justus"]
[Black "Steffens, Olaf"]
[Result "0-1"]
[WhiteElo "2152"]
[BlackElo "2043"]
[PlyCount "115"]
[EventDate "2023.??.??"]

1. e4 Nc6 2. Nf3 d6 3. d4 Nf6 4. d5 Nb8 5. Bd3 g6 6. c4 Bg7 7. Nc3 Nbd7 8. h3 O-O 9. Be3 Nc5 10. Bxc5 dxc5 11. e5 Nd7 12. Qe2 e6 13. O-O exd5 14. cxd5 Re8 15. Rfe1 Nxe5 16. Nxe5 Rxe5 17. Qf3 Bd7 18. Bc4 Qh4 19. Rxe5 Bxe5 20. Re1 Re8 21. Re4 Qg5 22. d6 Qf5 23. Qe2 cxd6 24. g4 Qf6 25. Nd5 Qd8 26. f4 Bd4+ 27. Kf1 Rxe4 28. Qxe4 Qh4 29. Qf3 h5 30. f5 hxg4 31. hxg4 gxf5 32. gxf5 Kf8 33. b3 Bc6 34. a4 Qg5 35. Ke2 Bd7 36. Bd3 Qh4 37. Nf4 Qh2+ 38. Kd1 Qg1+ 39. Kc2 Qf2+ 40. Qxf2 Bxf2 41. Be4 b6 42. Kd3 Ke7 43. Kc4 Kf6 44. Bd5 Bxf5 45. Nh5+ Ke7 46. Kb5 Bd4 47. Ka6 Be5 48. Bf3 Bc2 49. Bd5 Bd1 50. Kxa7 Bxh5 51. Kxb6 Bd4 52. Kb7 f5 53. a5 Bf7 54. Bc4 d5 55. a6 dxc4 56. Kc6 cxb3 57. a7 Bh5 58. a8=N 0-1

[Event "OLNW 2223 SV Werder Bremen III - Post S"]
[Site "?"]
[Date "2023.01.15"]
[Round "4.6"]
[White "Heldt, Nils-Lennart"]
[Black "Bogomolow, Sergej"]
[Result "0-1"]
[WhiteElo "2075"]
[BlackElo "2161"]
[PlyCount "44"]
[EventDate "2023.??.??"]

1. e4 e6 2. d4 d5 3. Nc3 Bb4 4. Nge2 Nc6 5. a3 Ba5 6. exd5 exd5 7. g3 Bg4 8. Bg2 Nge7 9. O-O Bxc3 10. bxc3 Qd7 11. Re1 O-O-O 12. a4 Na5 13. Ba3 Ng6 14. Qb1 Nc4 15. Bc1 h5 16. a5 h4 17. Qb4 hxg3 18. hxg3 Rde8 19. f3 Bh3 20. Rb1 Nd6 21. Bh1 Bf1 22. Rxf1 Rxh1+ 0-1

[Event "OLNW 2223 SV Werder Bremen III - Post S"]
[Site "?"]
[Date "2023.01.15"]
[Round "4.7"]
[White "Askerov, Imamali"]
[Black "Franke, Reiner"]
[Result "1-0"]
[WhiteElo "1939"]
[BlackElo "2233"]
[PlyCount "41"]
[EventDate "2023.??.??"]

1. e4 d5 2. exd5 Qxd5 3. Nc3 Qa5 4. d4 Nf6 5. Bc4 Bg4 6. Nf3 Nc6 7. h3 Bxf3 8. Qxf3 O-O-O 9. Be3 Nxd4 10. Bxd4 Rxd4 11. Bxf7 e5 12. Qf5+ Kb8 13. O-O Bb4 14. Qg5 Rf8 15. Qxg7 Ne4 16. Nxe4 Rxe4 17. Rad1 a6 18. c3 Re2 19. cxb4 Qxb4 20. a3 Qe7 21. Rd7 1-0

[Event "OLNW 2223 SV Werder Bremen III - Post S"]
[Site "?"]
[Date "2023.01.15"]
[Round "4.8"]
[White "Diederichsen, Detlev"]
[Black "Mittelstaedt, Hendrik"]
[Result "1-0"]
[WhiteElo "2156"]
[BlackElo "2036"]
[PlyCount "87"]
[EventDate "2023.??.??"]

1. e4 e5 2. Nf3 Nc6 3. Bc4 Bc5 4. d3 Nf6 5. O-O a6 6. a4 d6 7. Be3 Bxe3 8. fxe3 Bg4 9. Nc3 O-O 10. h3 Be6 11. Qe1 Qe7 12. Qf2 Nxe4 13. Nxe4 d5 14. Bxd5 Bxd5 15. Nc3 Bxf3 16. Qxf3 Rad8 17. Qe4 Qe6 18. Rad1 Rd6 19. b3 Rfd8 20. Rf3 g6 21. g4 b6 22. Rdf1 R8d7 23. g5 Qe8 24. Qh4 Nd8 25. Ne4 Rc6 26. Nf6+ Rxf6 27. Rxf6 Qe7 28. Qc4 a5 29. h4 Ne6 30. Rxf7 Qxf7 31. Rxf7 Kxf7 32. Qe4 Re7 33. Qxe5 Ng7 34. Qd5+ Kf8 35. Qd8+ Ne8 36. e4 Re6 37. Qd4 Ng7 38. e5 c5 39. Qe4 Nf5 40. h5 Ne7 41. c3 gxh5 42. Qxh7 Rg6 43. Qxh5 Kf7 44. e6+ 1-0

[Event "OLNW 2223 SK Ricklingen - Delmenhorster"]
[Site "?"]
[Date "2023.01.15"]
[Round "4.1"]
[White "Pahl, Erik"]
[Black "Ackermann, Dennie"]
[Result "1-0"]
[WhiteElo "2193"]
[BlackElo "2112"]
[PlyCount "61"]
[EventDate "2023.??.??"]

1. e4 d5 2. exd5 Qxd5 3. Nc3 Qa5 4. d4 Nf6 5. Nf3 Bf5 6. Bc4 e6 7. Bd2 Bb4 8. O-O O-O 9. a3 Bxc3 10. Bxc3 Qb6 11. b3 Rd8 12. Qe2 Nc6 13. Rad1 Rab8 14. h3 Be4 15. Ng5 Nxd4 16. Qe3 Nxc2 17. Qxb6 axb6 18. Bxf6 gxf6 19. Nxe4 Rxd1 20. Rxd1 f5 21. Nc3 Nxa3 22. Be2 c6 23. Rd7 e5 24. Bh5 f6 25. g4 fxg4 26. Ne4 Rf8 27. hxg4 Nc2 28. Rxb7 f5 29. Ng5 fxg4 30. Bf7+ Kh8 31. Be6 1-0

[Event "OLNW 2223 SK Ricklingen - Delmenhorster"]
[Site "?"]
[Date "2023.01.15"]
[Round "4.2"]
[White "Simon, Ralf-Axel"]
[Black "Pahl, Theis"]
[Result "0-1"]
[WhiteElo "2066"]
[BlackElo "2185"]
[PlyCount "38"]
[EventDate "2023.??.??"]

1. c4 c5 2. Nf3 Nc6 3. e3 e5 4. Nc3 Nf6 5. d4 cxd4 6. exd4 e4 7. Ne5 Bb4 8. Bf4 Ne7 9. Be2 O-O 10. O-O d6 11. Ng4 Nxg4 12. Bxg4 f5 13. Bh3 Ng6 14. Bd2 Bxc3 15. Bxc3 Nf4 16. Qb3 Nxh3+ 17. gxh3 f4 18. Bb4 f3 19. Qe3 Bxh3 0-1

[Event "OLNW 2223 SK Ricklingen - Delmenhorster"]
[Site "?"]
[Date "2023.01.15"]
[Round "4.3"]
[White "Mossakowski, Florian"]
[Black "Spiess, Thomas"]
[Result "1-0"]
[WhiteElo "2295"]
[BlackElo "2000"]
[PlyCount "53"]
[EventDate "2023.??.??"]

1. e4 c5 2. Nf3 d6 3. d4 cxd4 4. Nxd4 Nf6 5. Nc3 a6 6. f4 e5 7. Nf3 Nbd7 8. a4 Be7 9. Bd3 O-O 10. O-O Nc5 11. Qe1 exf4 12. Kh1 Nxd3 13. cxd3 Bg4 14. Bxf4 Bh5 15. Bg5 Rc8 16. Nd4 h6 17. Bh4 g5 18. Bg3 Bg6 19. Nf5 Bxf5 20. Rxf5 Nh5 21. Nd5 Ng7 22. Rf2 h5 23. h3 h4 24. Bh2 Ne6 25. Qe2 f6 26. Qg4 Ng7 27. Qxc8 1-0

[Event "OLNW 2223 SK Ricklingen - Delmenhorster"]
[Site "?"]
[Date "2023.01.15"]
[Round "4.4"]
[White "Schmidt, Benjamin"]
[Black "Hedke, Fred"]
[Result "1-0"]
[WhiteElo "1864"]
[BlackElo "2241"]
[PlyCount "41"]
[EventDate "2023.??.??"]

1. d4 Nf6 2. c4 e6 3. Nc3 d5 4. cxd5 exd5 5. Bg5 Be7 6. e3 h6 7. Bh4 O-O 8. Bd3 b6 9. Nge2 Bb7 10. Ng3 g6 11. Bxf6 Bxf6 12. h4 Bxh4 13. Qg4 Bxg3 14. Rxh6 Bxf2+ 15. Kxf2 Qf6+ 16. Ke2 Kg7 17. Rah1 Rg8 18. Rh7+ Kf8 19. Rf1 Qe7 20. Qf4 Rg7 21. Rh8+ 1-0

[Event "OLNW 2223 SK Ricklingen - Delmenhorster"]
[Site "?"]
[Date "2023.01.15"]
[Round "4.5"]
[White "Margraf, Daniel"]
[Black "Koelle, Arthur"]
[Result "1/2-1/2"]
[WhiteElo "2247"]
[BlackElo "2165"]
[PlyCount "90"]
[EventDate "2023.??.??"]

1. e4 e5 2. Nf3 Nc6 3. d4 exd4 4. Nxd4 Bc5 5. Nb3 Bb6 6. Nc3 d6 7. Qe2 a5 8. Be3 a4 9. Bxb6 axb3 10. Be3 bxa2 11. g4 Be6 12. Bg2 Qd7 13. h3 Nge7 14. f4 f6 15. O-O O-O 16. Rfd1 Ra5 17. b3 Rfa8 18. Nd5 h5 19. f5 Bf7 20. c4 Nxd5 21. cxd5 Ne5 22. g5 fxg5 23. Bxg5 Qb5 24. Qxb5 Rxb5 25. Rd2 Rxb3 26. Raxa2 Rxa2 27. Rxa2 b5 28. Bd8 b4 29. Bxc7 Rb1+ 30. Kh2 b3 31. Ra8+ Kh7 32. Bxd6 Nc4 33. e5 b2 34. Rb8 Rd1 35. e6 Be8 36. f6 Nxd6 37. f7 Nxf7 38. Be4+ g6 39. exf7 Rd2+ 40. Kg3 Bxf7 41. h4 Bxd5 42. Bxd5 Rxd5 43. Rxb2 Rd3+ 44. Kh2 Kg7 45. Kg2 Rd6 1/2-1/2

[Event "OLNW 2223 SK Ricklingen - Delmenhorster"]
[Site "?"]
[Date "2023.01.15"]
[Round "4.6"]
[White "Herrmann, Andreas"]
[Black "Thimm, Torsten"]
[Result "0-1"]
[WhiteElo "2036"]
[BlackElo "2020"]
[PlyCount "140"]
[EventDate "2023.??.??"]

1. d4 d5 2. Nf3 Nf6 3. Bf4 c6 4. Nbd2 Qb6 5. Rb1 Bf5 6. e3 Nbd7 7. Be2 h6 8. O-O e6 9. Ne5 Nxe5 10. Bxe5 Nd7 11. Bg3 Be7 12. a3 a5 13. Nf3 O-O 14. Bd3 Bxd3 15. Qxd3 Rfd8 16. c4 Qa6 17. Rfc1 a4 18. Qf1 Rdc8 19. Rc3 dxc4 20. Rxc4 Nb6 21. Rc2 Qxf1+ 22. Kxf1 Ra5 23. Nd2 Rb5 24. Rbc1 f5 25. f3 Nd5 26. Bf2 Bg5 27. Ke2 Re8 28. Nc4 Rb3 29. h4 Bf6 30. Rd1 e5 31. Nd6 Re6 32. Nxf5 Nxe3 33. Bxe3 exd4 34. Nxd4 Rexe3+ 35. Kf2 Rbd3 36. Rxd3 Rxd3 37. Ne6 Rb3 38. Kg3 Bxb2 39. Nc5 Bxa3 40. Nxa4 Bd6+ 41. Kh3 Rb4 42. Nb2 Be7 43. g3 Rb3 44. Kg4 Bf6 45. Nd1 Rb5 46. f4 h5+ 47. Kh3 Bd4 48. Rd2 c5 49. Rd3 Kf7 50. g4 hxg4+ 51. Kxg4 Ke6 52. Ne3 Rb1 53. f5+ Ke5 54. Nc4+ Ke4 55. Rg3 Rg1 56. Nd6+ Kd5 57. Nxb7 Rxg3+ 58. Kxg3 c4 59. Na5 c3 60. Kf4 c2 61. Nb3 Kc4 62. Nc1 Bb2 63. Ne2 Kd3 64. Kf3 Kd2 65. h5 Bf6 66. Kf2 Bh4+ 67. Kf3 Bg5 68. Nd4 c1=Q 69. Nb3+ Kd3 70. Nxc1+ Bxc1 0-1

[Event "OLNW 2223 SK Ricklingen - Delmenhorster"]
[Site "?"]
[Date "2023.01.15"]
[Round "4.7"]
[White "Grebener, Soeren"]
[Black "Ploog, Martin"]
[Result "0-1"]
[WhiteElo "1986"]
[BlackElo "2042"]
[PlyCount "102"]
[EventDate "2023.??.??"]

1. e4 d6 2. d4 Nf6 3. Bd3 e5 4. c3 g6 5. Ne2 Bg7 6. O-O O-O 7. f4 exd4 8. Nxd4 Bd7 9. Nd2 c5 10. Ne2 b5 11. Ng3 c4 12. Be2 Qb6+ 13. Kh1 h5 14. h4 Na6 15. a4 Nc5 16. axb5 Bxb5 17. f5 Nd3 18. Bxd3 cxd3 19. Qf3 Ng4 20. Nb1 d2 21. Nxd2 Qd8 22. f6 Bxf6 23. Ne2 Be5 24. g3 Bxe2 25. Qxe2 Bxg3 26. Nf3 Bxh4 27. Bf4 Qe7 28. Ra6 Rad8 29. Kg2 Bf6 30. Rd1 Ne5 31. Nd4 Rfe8 32. Rh1 d5 33. Rxh5 dxe4 34. Rxe5 Bxe5 35. Nc6 Qc5 36. Be3 Qf8 37. Nxd8 Rxd8 38. Rxa7 Qd6 39. Qc4 Qd5 40. Qxd5 Rxd5 41. Rb7 f5 42. c4 Rd3 43. Bh6 Rg3+ 44. Kf1 Rh3 45. Bg5 Rh1+ 46. Ke2 Rh2+ 47. Ke3 Rxb2 48. Rxb2 Bxb2 49. Bh4 Kf7 50. Kf4 Ke6 51. Kg5 Bf6+ 0-1

[Event "OLNW 2223 SK Ricklingen - Delmenhorster"]
[Site "?"]
[Date "2023.01.15"]
[Round "4.8"]
[White "Arntz, Christoph"]
[Black "Monnerjahn, Lukas"]
[Result "1-0"]
[WhiteElo "1927"]
[BlackElo "1762"]
[PlyCount "63"]
[EventDate "2023.??.??"]

1. Nf3 Nf6 2. g3 g6 3. Bg2 Bg7 4. d4 d5 5. O-O O-O 6. Nbd2 c6 7. c4 Ne4 8. e3 Nxd2 9. Nxd2 e6 10. Qc2 b6 11. b3 Bb7 12. Ba3 Re8 13. Rac1 Nd7 14. cxd5 exd5 15. Nf3 Rc8 16. Rfd1 Nf8 17. Qd2 Ne6 18. Bb2 Qe7 19. Rc2 Rc7 20. Rdc1 Rec8 21. b4 Rd8 22. a3 c5 23. bxc5 bxc5 24. Qa5 c4 25. Qxa7 Ra8 26. Qb6 Bf8 27. Qb4 Qxb4 28. axb4 Bxb4 29. Bc3 Be7 30. Rb1 f6 31. Nd2 f5 32. Rxb7 1-0

[Event "OLNW 2223 Hamelner SV - SV Hellern"]
[Site "?"]
[Date "2023.01.15"]
[Round "4.1"]
[White "Gronde, Ingo"]
[Black "Bode, Wilfried"]
[Result "1-0"]
[WhiteElo "2295"]
[BlackElo "2352"]
[PlyCount "43"]
[EventDate "2023.??.??"]

1. e4 e6 2. d4 d5 3. Bd3 c5 4. exd5 exd5 5. Nf3 c4 6. Be2 Nc6 7. b3 cxb3 8. axb3 Bd6 9. O-O Nf6 10. Bg5 h6 11. Bh4 O-O 12. Re1 g5 13. Bg3 Ne4 14. Bxd6 Qxd6 15. Bd3 Bg4 16. Bxe4 dxe4 17. Rxe4 Bxf3 18. Qxf3 Nxd4 19. Qd3 Rfd8 20. Nd2 Nxc2 21. Qxc2 Rac8 22. Rc4 1-0